| 000 | 00535nam a2200217 454500 | ||
|---|---|---|---|
| 001 | 078031 | ||
| 003 | BD-ChCU | ||
| 008 | Eng | ||
| 020 | _a9780333925546 | ||
| 040 |
_aDLC _cDLC _dBD-ChCU |
||
| 082 | 0 | 0 | _a519.5/S546s |
| 100 | 1 |
_aShenoy, G.V _bPant, Late Madan |
|
| 245 | 1 | 0 |
_aStatistical methods: _bin Business and social sciences |
| 250 | _a- | ||
| 260 |
_aDelhi _bMacmillan _c1994 |
||
| 300 | _aXIII, 388 | ||
| 504 | _a | ||
| 650 | 0 |
_aStatistical methods` _bStatistical mathematics |
|
| 700 | 1 | _a- | |
| 942 |
_2ddc _cBK |
||
| 999 |
_c78031 _d78031 |
||